|
|
|
|
| LEADER |
01957nam a2200529 i 4500 |
| 001 |
nkc20213346615 |
| 003 |
CZ PrNK |
| 005 |
20210930102206.0 |
| 007 |
ta |
| 008 |
210811t20212021xr ah e f 000 0 eng |
| 015 |
|
|
|a cnb003346615
|
| 020 |
|
|
|a 978-80-907193-4-7
|q (vázáno)
|
| 035 |
|
|
|a (OCoLC)1274108938
|
| 040 |
|
|
|a BOA001
|b cze
|d ABA001
|e rda
|
| 041 |
1 |
|
|a eng
|h ger
|
| 072 |
|
7 |
|a 796
|x Sport. Hry. Tělesná cvičení
|2 Konspekt
|9 20
|
| 080 |
|
|
|a 796.86:623.444.2
|2 MRF
|
| 080 |
|
|
|a 929.733
|2 MRF
|
| 080 |
|
|
|a (035)
|2 MRF
|
| 100 |
1 |
|
|a Mair, Paul Hector,
|d 1517-1579
|7 mzk20211114515
|4 aut
|
| 245 |
1 |
0 |
|a Book of fencing skills :
|b Opus amplissimum de arte athletica : (MSS Dresd. C.93/C.94).
|p Long sword /
|c Paulus Hector Mair, Petr Turya, Stuart Quayle ; translation Petr Turya
|
| 246 |
3 |
0 |
|a Long sword
|
| 246 |
3 |
0 |
|a Opus amplissimum de arte athletica
|
| 250 |
|
|
|a English volume
|
| 264 |
|
1 |
|a Maletín :
|b Guildam Gladiatorum s.r.o.,
|c [2021]
|
| 264 |
|
4 |
|c ©2021
|
| 300 |
|
|
|a 191 stran :
|b barevné ilustrace, faksimile ;
|c 31 cm
|
| 336 |
|
|
|a text
|b txt
|2 rdacontent
|
| 336 |
|
|
|a statický obraz
|b sti
|2 rdacontent
|
| 337 |
|
|
|a bez média
|b n
|2 rdamedia
|
| 338 |
|
|
|a svazek
|b nc
|2 rdacarrier
|
| 500 |
|
|
|a Přeloženo z němčiny?
|
| 504 |
|
|
|a Obsahuje bibliografické odkazy
|
| 650 |
0 |
7 |
|a šerm mečem
|7 ph872164
|2 czenas
|
| 650 |
0 |
7 |
|a rytíři
|7 ph125377
|2 czenas
|
| 650 |
0 |
9 |
|a sword fencing
|2 eczenas
|
| 650 |
0 |
9 |
|a knights
|2 eczenas
|
| 655 |
|
7 |
|a příručky
|7 fd133209
|2 czenas
|
| 655 |
|
9 |
|a handbooks and manuals
|2 eczenas
|
| 700 |
1 |
|
|a Turya, Petr
|7 mzk20211114516
|4 aut
|4 trl
|
| 700 |
1 |
|
|a Quayle, Stuart
|4 aut
|
| 700 |
1 |
|
|i Výbor z díla:
|a Mair, Paul Hector,
|d 1517-1579.
|t Opus amplissimum de arte athletica
|7 aun20211117694
|
| 910 |
2 |
|
|a BOA001
|b 4-1471.780
|
| 990 |
|
|
|a BK
|
| 995 |
|
|
|a 01
|
| 991 |
|
|
|b 202109
|c NOV
|
| 996 |
6 |
|
|b 2610875783
|c 4-1471.780
|l MZK
|r Sklad / do 1 hodiny
|n 1
|p p.v.
|w 001860936
|u 000010
|a 1
|e BOA001
|j MZK50
|s P
|